Strength of materials (Record no. 4143)

000 -LEADER
fixed length control field 00602nam a2200229 4500
001 - CONTROL NUMBER
control field 4143
003 - CONTROL NUMBER IDENTIFIER
control field BD-DhUET
008 - FIXED-LENGTH DATA ELEMENTS--GENERAL INFORMATION
fixed length control field 0
020 ## - INTERNATIONAL STANDARD BOOK NUMBER
International Standard Book Number 0070702977
040 ## - CATALOGING SOURCE
Transcribing agency 0
Modifying agency BD-DhUET
082 ## - DEWEY DECIMAL CLASSIFICATION NUMBER
Classification number 620.112
Item number WIL/1981
100 ## - MAIN ENTRY--PERSONAL NAME
Personal name Willems, Nicholas
245 ## - TITLE STATEMENT
Title Strength of materials
Statement of responsibility, etc. by Nicholas Willems, John T. Easley and Stanley T. Rolfe
250 ## - EDITION STATEMENT
Edition statement 1st ed.
260 ## - PUBLICATION, DISTRIBUTION, ETC. (IMPRINT)
Place of publication, distribution, etc. New York
Name of publisher, distributor, etc. McGraw-Hill
Date of publication, distribution, etc. 1981
300 ## - PHYSICAL DESCRIPTION
Extent xviii, 508 p.
Other physical details ill.
Dimensions 12 cm.
504 ## - BIBLIOGRAPHY, ETC. NOTE
Bibliography, etc Includes bibliographies
650 #0 - SUBJECT ADDED ENTRY--TOPICAL TERM
Topical term or geographic name as entry element Strength of materials
700 ## - ADDED ENTRY--PERSONAL NAME
Personal name Easley, John T.
700 ## - ADDED ENTRY--PERSONAL NAME
Personal name Rolfe, Stanley T.
942 ## - ADDED ENTRY ELEMENTS (KOHA)
Koha item type General Book
Holdings
Date acquired Koha item type Piece designation (barcode) Koha out on loan Withdrawn status Source of classification or shelving scheme Not for loan Price effective from Copy number Shelving location Koha date last seen Sublocation or collection (holding branch) Koha full call number Location (home branch) Damaged status Koha normalized classification for sorting Lost status Koha date last borrowed Koha issues (times borrowed)
2014-11-12General Book79849    2014-11-121Circulation section2018-12-18Central Library, BUET620.112/WIL/1981Central Library, BUET 620_112000000000000_WIL_1981 2018-11-061
2014-11-12General Book79850    2014-11-122Circulation section2019-04-24Central Library, BUET620.112/WIL/1981Central Library, BUET 620_112000000000000_WIL_1981 2018-12-221
2014-11-12General Book79853    2014-11-123Circulation section2014-11-12Central Library, BUET620.112/WIL/1981Central Library, BUET 620_000000000000000_112WIL1981   
2014-11-12General Book81408    2014-11-124Circulation section2014-11-12Central Library, BUET620.112/WIL/1981Central Library, BUET 620_000000000000000_112WIL1981   
2014-11-12General Book79852    2014-11-125Circulation section2021-12-07Central Library, BUET620.112/WIL/1981Central Library, BUET 620_000000000000000_112WIL1981 2021-11-292
2014-11-12General Book795802025-12-22   2014-11-126Circulation section2025-12-08Central Library, BUET620.112/WIL/1981Central Library, BUET 620_000000000000000_112WIL1981 2025-12-081
2014-11-12General Book81410    2014-11-127Circulation section2014-11-12Central Library, BUET620.112/WIL/1981Central Library, BUET 620_000000000000000_112WIL1981   
2014-11-12General Book79851    2014-11-128Circulation section2023-07-18Central Library, BUET620.112/WIL/1981Central Library, BUET 620_000000000000000_112WIL1981 2023-07-081
2014-11-12General Book81409    2014-11-129Circulation section2014-11-12Central Library, BUET620.112/WIL/1981Central Library, BUET 620_112000000000000_WIL_1981   
2015-02-04General Book79581     2015-02-0410Circulation section2015-02-04Central Library, BUET620.112/WIL/1981Central Library, BUET 620_112000000000000_WIL_1981